<?xml version="1.0" encoding="UTF-8"?>
<marc:record xmlns:marc="http://www.loc.gov/MARC21/slim">
   <marc:leader>00000nam a2200000 a 4500</marc:leader>
   <marc:datafield ind1="1" ind2=" " tag="100">
      <marc:subfield code="a">Garwood, Duncan</marc:subfield>
      <marc:subfield code="4">aut</marc:subfield>
      <marc:subfield code="e">Verfasser/-in</marc:subfield>
   </marc:datafield>
   <marc:datafield ind1="1" ind2=" " tag="100">
      <marc:subfield code="a">Blasi, Abigail</marc:subfield>
      <marc:subfield code="4">aut</marc:subfield>
      <marc:subfield code="e">Verfasser/-in</marc:subfield>
   </marc:datafield>
   <marc:datafield ind1=" " ind2=" " tag="653">
      <marc:subfield code="a">Vatikanstadt</marc:subfield>
   </marc:datafield>
   <marc:datafield ind1=" " ind2=" " tag="653">
      <marc:subfield code="a">Trevi</marc:subfield>
   </marc:datafield>
   <marc:datafield ind1=" " ind2=" " tag="653">
      <marc:subfield code="a">Heilige Stadt</marc:subfield>
   </marc:datafield>
   <marc:datafield ind1=" " ind2=" " tag="653">
      <marc:subfield code="a">Monti</marc:subfield>
   </marc:datafield>
   <marc:datafield ind1=" " ind2=" " tag="653">
      <marc:subfield code="a">Centro Storico</marc:subfield>
   </marc:datafield>
   <marc:datafield ind1=" " ind2=" " tag="653">
      <marc:subfield code="a">Borgo</marc:subfield>
   </marc:datafield>
   <marc:datafield ind1=" " ind2=" " tag="653">
      <marc:subfield code="a">Villa Borghese</marc:subfield>
   </marc:datafield>
   <marc:datafield ind1=" " ind2=" " tag="653">
      <marc:subfield code="a">San Giovanni</marc:subfield>
   </marc:datafield>
   <marc:datafield ind1=" " ind2=" " tag="653">
      <marc:subfield code="a">Prati</marc:subfield>
   </marc:datafield>
   <marc:datafield ind1=" " ind2=" " tag="653">
      <marc:subfield code="a">Quirinal</marc:subfield>
   </marc:datafield>
   <marc:datafield ind1=" " ind2=" " tag="653">
      <marc:subfield code="a">Gianicolo</marc:subfield>
   </marc:datafield>
   <marc:datafield ind1=" " ind2=" " tag="653">
      <marc:subfield code="a">Esquilin</marc:subfield>
   </marc:datafield>
   <marc:datafield ind1=" " ind2=" " tag="653">
      <marc:subfield code="a">Softcover / Reisen/Reiseführer/Europa</marc:subfield>
   </marc:datafield>
   <marc:datafield ind1="0" ind2="0" tag="245">
      <marc:subfield code="a">Lonely Planet Reiseführer Rom</marc:subfield>
   </marc:datafield>
   <marc:datafield ind1="0" ind2="0" tag="245">
      <marc:subfield code="c">Duncan Garwood, Abigail Blasi</marc:subfield>
   </marc:datafield>
   <marc:datafield ind1=" " ind2="1" tag="264">
      <marc:subfield code="a">Ostfildern</marc:subfield>
      <marc:subfield code="b">MAIRDUMONT</marc:subfield>
      <marc:subfield code="c">2020</marc:subfield>
   </marc:datafield>
   <marc:datafield ind1="1" ind2=" " tag="490">
      <marc:subfield code="a">Lonely Planet Reiseführer Deutsch</marc:subfield>
   </marc:datafield>
   <marc:datafield ind1=" " ind2=" " tag="250">
      <marc:subfield code="a">8. Auflage</marc:subfield>
   </marc:datafield>
   <marc:datafield ind1="1" ind2=" " tag="520">
      <marc:subfield code="a">Angaben aus der Verlagsmeldung

Lonely Planet Reiseführer Rom / von Duncan Garwood, Abigail Blasi

Mit dem Lonely Planet Rom auf eigene Faust durch die ewige Stadt!
Etliche Monate Recherche stecken im Kultreiseführer für
Individualreisende. Auf mehr als 300 Seiten geben die Autoren
sachkundige Hintergrundinfos zum Reiseland, liefern Tipps und Infos für
die Planung der Reise, beschreiben alle interessanten Sehenswürdigkeiten
mit aktuellen Öffnungszeiten und Preisen und präsentieren ihre
persönlichen Entdeckungen und Tipps.
Auch Globetrotter, die abseits der ausgetretenen Touristenpfade
unterwegs sein möchten, kommen auf ihre Kosten. Wie wäre es
beispielsweise mit Untergrund? Die Vatikanischen Grotten beherbergen
unter dem Petersdom die Gräber verschiedener Päpste, darunter dasjenige
von Papst Johannes II. Oder doch lieber atemberaubende Ausblicke? Der
sich über Trastevere erhebende Hügel Gianicolo bietet atemberaubende
Panoramablicke über die Dächer der Stadt. Wo unterwegs übernachten und
essen? Für jedes Stadtviertel gibt es eine Auswahl an Unterkünften und
Restaurants für jeden Geschmack und Geldbeutel.
Abgerundet wird der Guide durch Übersichts- und Detailkarten, einem
praktischen Cityplan im Hosentaschenformat zum Heraustrennen, einem
Farbkapitel zu den 13 Top-Highlights, 3D-Plan des Forum Romanums, Extra-
Kapitel zu den Themen Ausgehen, Shoppen und Szene, farbige Themen-
Kapitel zu Architektur und Kunst sowie Glossar und - damit Sie gut
verständlich ankommen - einem Sprachführer.
Der Lonely- Planet-Reiseführer Rom ist ehrlich, praktisch, witzig
geschrieben und liefert inspirierende Eindrücke und Erfahrungen.
</marc:subfield>
   </marc:datafield>
   <marc:datafield ind1=" " ind2=" " tag="020">
      <marc:subfield code="a">9783829748155</marc:subfield>
      <marc:subfield code="9">9783829748155</marc:subfield>
   </marc:datafield>
   <marc:datafield ind1=" " ind2=" " tag="020">
      <marc:subfield code="a">3829748159</marc:subfield>
      <marc:subfield code="9">3829748159</marc:subfield>
   </marc:datafield>
   <marc:datafield ind1=" " ind2=" " tag="041">
      <marc:subfield code="a">ger</marc:subfield>
   </marc:datafield>
   <marc:datafield ind1=" " ind2=" " tag="300">
      <marc:subfield code="a">360 Seiten</marc:subfield>
   </marc:datafield>
</marc:record>
